| 000 | 00577nam a2200229 i 4500 | ||
|---|---|---|---|
| 001 | bgj | ||
| 100 | 1 | _aHANNSMANN, Margarete. | |
| 245 | 1 | 0 |
_aDer helle Tag bricht an Ein Kind wird Nazi / _cMargarete Hannsmann. |
| 260 |
_aMünchen : _bDeutscher Taschenbuch Verlag, _c1984. |
||
| 300 |
_a252, [1] s. ; _c18 cm. |
||
| 490 | 1 |
_aDTV _v10329 |
|
| 650 | 9 | _aBiografie | |
| 830 | _aDTV | ||
| 020 | _a3423103299 | ||
| 040 | _cBPK | ||
| 041 | 0 | _ager | |
| 044 | _aDEU | ||
| 080 | _a929 | ||
| 920 | _a3-423-10329-9 | ||
| 942 | _cKS | ||
| 008 | s gw f |000 0 ger | ||
| 999 |
_c50544 _d50544 |
||
| 856 |
_uhttp://koha.tu.koszalin.pl/cgi-bin/koha/opac-detail.pl?biblionumber=50544 _yKatalog online BPK |
||